000 00604nam a2200241Ia 4500
003 OSt
005 20221007073844.0
006 a|||||r|||| 00| 0
007 ta
008 221006b |||||||| |||| 00| 0 eng d
024 _a35,294
037 _cTextual
040 _aFLL
_cFLL
_beng
041 _2eng
_aeng
082 _aZ2,5, P6
100 _aGandhi B.M
_9428833
245 0 _aIndian penal code
250 _a2nd
260 _aLucknow
_bEAstern Book Company India
_c2006
300 _axxxix,824p
_ccm.
942 _hZ2,5, P6
_cTEXL
_2CC
999 _c1150144
_d1150144